00288nam a2200121Ia 4500008004100000082001700041100002100058245002100079600001200100630002100112700001200133730002100145090122s9999 xx 000 0 und d b9111a823.71 aChaplinbCharkes aMy Autobiography aChaplin aMy Autobiography aChaplin aMy Autobiography